Taylor Swift - All Too Well (10 Minute Version) Lyrics - Statistics

General Stats
  • This quiz has been taken 16,024 times
    13,955 since last reset
  • The average score is 823 of 972
Answer Stats
Answer % Correct
a
99%
A
99%
I
99%
(I
99%
the
98%
The
98%
was
98%
we
98%
you
98%
You
98%
do
97%
it
97%
It
97%
to
97%
To
97%
all
96%
(All
96%
an
96%
And
96%
and
96%
in
96%
me
96%
So
96%
so
96%
like
95%
my
95%
there
95%
There
95%
there)
95%
too
95%
too?
95%
well
95%
Well
95%
well?
95%
well)
95%
your
95%
But
94%
but
94%
no
94%
at
93%
be
93%
scarf
93%
walk
93%
where
93%
with
93%
cold
92%
door
92%
he
92%
remember
92%
Some
92%
then
92%
We're
92%
were
92%
air
91%
home
91%
on
91%
got
90%
house
90%
left
90%
now
90%
Now
90%
sister's
90%
still
90%
through
90%
walked
90%
when
90%
felt
89%
it's
89%
"It's
89%
love"
89%
love
89%
again
88%
car
88%
up
88%
are
87%
even
87%
get
87%
her
87%
of
87%
somethin'
87%
That
87%
that
87%
'bout
86%
'Cause
86%
'cause
86%
I'm
86%
know
86%
lost
86%
somehow
86%
down
85%
Down
85%
drawer
85%
what
85%
who
85%
"Fuck
84%
never
84%
town
84%
twin
84%
as
83%
call
83%
night
83%
time
83%
Time
83%
for
82%
here
82%
not
82%
Not
82%
you've
82%
can
81%
gone
81%
patriarchy"
81%
red
81%
say
81%
turnin'
81%
after
80%
After
80%
tellin'
80%
us
80%
about
79%
fall
79%
ground
79%
little
79%
long
79%
Oh
79%
oh
79%
(Oh)
79%
piece
79%
thing
79%
thinkin'
79%
back
78%
Back
78%
fine
78%
just
78%
Just
78%
keys
78%
light
78%
why
78%
always
77%
called
77%
Keychain
77%
stairs
77%
come
76%
dancin'
76%
days
76%
future
76%
hair
76%
lookin'
76%
skippin'
76%
sweet
76%
bein'
75%
by
75%
ever
75%
gaze
75%
getting
75%
gonna
75%
had
75%
maybe
75%
over
75%
past
75%
street
75%
team
75%
tossing
75%
Wind
75%
age
74%
age"
74%
drive
74%
He's
74%
kitchen
74%
middle
74%
this
74%
wide
74%
"Any
73%
bed
73%
disposition
73%
eyed
73%
ball
72%
kept
72%
more
72%
old
72%
stories
72%
'Til
72%
'til
72%
almost
71%
break
71%
made
71%
mother's
71%
promise
71%
said
71%
secret
71%
sized
71%
asked
70%
could
70%
I'd
70%
jokes
70%
kid
70%
name
70%
picture
70%
ran
70%
same
70%
swear
70%
tee
70%
these
70%
upstate
70%
cruel
69%
glasses
69%
honest
69%
months
69%
much
69%
nothing
69%
oath
69%
refrigerator
69%
she?
69%
three
69%
used
69%
casually
68%
cheeks
68%
fallin'
68%
grave
68%
leaves
68%
magic's
68%
masterpiece
68%
okay
68%
paper
68%
self
68%
singin'
68%
told
68%
translation
68%
Autumn
67%
dead
67%
fun
67%
place
67%
'round
67%
Check
66%
dad
66%
die
66%
else
66%
forget
66%
lyin'
66%
might
66%
needed
66%
shame
66%
want
66%
you're
66%
been
65%
buried
65%
enough
65%
Every
65%
first
65%
mind
65%
pieces
65%
rare
65%
supposed
65%
swearin'
65%
turning
65%
twenty-one"
65%
held
64%
hell
64%
into
64%
new
64%
They
64%
tore
64%
who's
64%
closer
63%
idea
63%
if
63%
late
63%
loved
63%
show
63%
cross
62%
ends
62%
frame
62%
lifeless
62%
nobody
62%
prayer
62%
pulse
62%
went
62%
actress
61%
album
61%
all's
61%
from
61%
From
61%
Photo
61%
counter
60%
double
60%
find
60%
happened
60%
keep
60%
smells
60%
That's
60%
watch
60%
one
59%
reminds
59%
very
59%
would've
59%
alone
58%
coffee
58%
fly
58%
front
58%
jewel
58%
own
58%
real
58%
shine
58%
tryin'
58%
askin'
57%
can't
57%
goes
57%
good
57%
innocence
57%
reached
57%
reflects
57%
Sacred
57%
Sippin'
57%
stay
57%
week
57%
bathroom
56%
line
56%
older
56%
party
56%
punch
56%
rid
56%
won't
56%
charmed
55%
did
55%
lovers
55%
scared
55%
things
55%
watched
55%
we'd
55%
willin'
55%
"I'll
54%
known
54%
Runnin'
54%
before
53%
wondered
53%
between
52%
crumpled
52%
snow
52%
affair
51%
how
51%
mail
51%
lovely
50%
needy
50%
half
49%
nights
49%
paralyzed
49%
soldier
49%
blue?
48%
bones
48%
fell
48%
flame
48%
returning
48%
skin
48%
weight
47%
yeah
47%
broke
46%
shirt
46%
whose
46%
Brooklyn
45%
maim
45%
effacing
43%
paint
43%
plaid
43%
bruise
42%
weepin'
41%
glistened
39%
city's
35%
barren
30%
No matching quizzes found
Score Distribution
Percent of People with Each Score
Percentile by Number Answered
Your Score History
You have not taken this quiz since the last reset